| 000 | 00493nmm a2200169Ia 4500 | ||
|---|---|---|---|
| 008 | 251105s9999||||xx |||||||||||||||||und|| | ||
| 041 | _aspa | ||
| 100 | _aJames, P.D. | ||
| 245 | 0 |
_aIntrigas y deseos : _b Detective Adam Dalgliesh 8 |
|
| 264 |
_a[Madrid, España] : _bEdiciones B, _c2014 |
||
| 300 | _a672 páginas | ||
| 650 | _aThriller & Suspense | ||
| 700 | _aJames, P.D. | ||
| 700 | 1 | _a Berdagué Costa, Roser | |
| 856 | _uhttps://public.digitaliapublishing.com/a/53177 | ||
| 942 | _cCF | ||
| 999 |
_c67175 _d67175 |
||